| 000 | 00444nam a22001457a 4500 | ||
|---|---|---|---|
| 005 | 20180804121851.0 | ||
| 020 |
_a8174453075 _c350.00 |
||
| 035 | _aB-219684,B-219682, B-219690 | ||
| 037 |
_aDPL _bENG |
||
| 100 | _aSahoo, Rajan Kumar | ||
| 245 |
_aCo-operatives for economic development / _cby Rajan Kumar Sahoo |
||
| 260 |
_aNew Delhi _bMohit Publications _c2005 |
||
| 300 |
_axi, 160p. _c20 cms. |
||
| 942 |
_2ddc _cEN _h334 _mSAH |
||
| 999 |
_c66498 _d66498 |
||